000
00310nam a2200121Ia 4500
008
220217s9999||||xx |||||||||||||| ||und||
082
_a
611.13 AND
100
_a
Anderson, Clifford
_9
4147
245
0
_a
Your guide to health
260
_a
OWPH press
_b
Pune
_c
2001
300
_b
400
650
_a
GENERAL BOOKS
999
_c
173607
_d
173607